Normal view
MARC view
- Armughan Haider
Entry Personal Name
001 - CONTROL NUMBER
- control field: 15196
003 - CONTROL NUMBER IDENTIFIER
- control field: NUST
005 - DATE AND TIME OF LATEST TRANSACTION
- control field: 20190620075450.0
008 - FIXED-LENGTH DATA ELEMENTS
- fixed length control field: 190620|| aca||aabn | a|a d
040 ## - CATALOGING SOURCE
- Original cataloging agency: NUST
- Transcribing agency: NUST
100 ## - HEADING--PERSONAL NAME
- Personal name: Armughan Haider
670 ## - SOURCE DATA FOUND
- Source citation: Work cat.: (NUST): Armughan Haider, Effect of tacs on Motor Performance and Adaptation during a Bimanual Task, 2018
